Trivia Field II Quiz Stats

Quiz Updated Jul 9, 2012

Also try: Trivia Field
Challenge
Share
Tweet
*Answering a question where every adjacent box is already revealed won't do anything. If you are stuck, type HELP to reveal the box in the opposite corner of the starting box.
Score 0/35 Timer 03:00
4 Plays Today
Box Questions % Correct
1



What is the least populated continent?
100%
8



Who is the greek god of the sky?
90.1%
2



What is the best hand in Poker?
90.1%
9



What is the official currency of Japan?
88.6%
10



What was the first feature film Pixar produced?
87.4%
3



What chemical element has an atomic number of 1?
87%
16



Which athlete has won the most Olympic gold medals?
84.5%
17



What is the all-time best selling video game?
84.3%
11



What country comes last alphabetically?
83.5%
4



What does NHL stand for?
82%
5



Who is the author of The Lord of the Rings?
79.1%
12



In what city was Archduke Franz Ferdinand assassinated?
78.3%
15



What is Bruce Wayne's heroic identity?
75.5%
22



What company did Facebook acquire in April 2012?
73.2%
23



What is the smallest country by area?
69.5%
6



In Romeo and Juliet, what is Romeo's surname?
69.2%
25



How many centimeters are there in an inch?
67.9%
18



What is the best selling board game?
67.2%
Box Questions % Correct
19



What is the best selling cookie in the US?
66.4%
20



What is the most played quiz on Sporcle?
61.2%
13



What country won the 2008 UEFA European Football Championship?
59.4%
24



What artist has the most No. 1s on the Billboard Hot 100?
59.2%
30



What is the most energy efficient means of ground transportation?
55.6%
26



Who is the highest-paid female athlete?
55.2%
14



Who is the protagonist of Konami's Metal Gear Solid Series?
53.8%
7



Newton and Leibniz are credited for the invention of what branch of math?
53.1%
31



What is the 3rd astrological sign in the zodiac?
49.1%
29



What is February's birthstone?
46%
27



What font was the title of a 2007 documentary?
42.6%
35



The volcano Eyjafjallajökull is located in what country?
38.5%
21



What is the heaviest living bird species?
38.4%
32



Who directed the 1997 film 'Titanic'?
37.9%
28



What is the name of the sword of King Arthur?
36.5%
34



What year did Christopher Columbus set sail for America?
36.2%
33



What is the central religious text of Islam?
35.8%

You're not logged in!

Compare scores with friends on all Sporcle quizzes.
Sign Up with Email
OR
Log In

You Might Also Like...

Show Comments

Extras

Top Quizzes Today


Score Distribution

Your Account Isn't Verified!

In order to create a playlist on Sporcle, you need to verify the email address you used during registration. Go to your Sporcle Settings to finish the process.